[Event "TUR-ch U20"]
[Site "Samsun"]
[Date "2023.05.21"]
[Round "4"]
[White "Aydogdu, Cagatay"]
[Black "Tutmaz, Bugra Hamza"]
[Result "0-1"]
[WhiteElo "1856"]
[BlackElo "1384"]
[PlyCount "178"]
[EventDate "2023.05.19"]
[EventType "swiss"]
[EventRounds "9"]
[EventCountry "TUR"]
[SourceTitle "CBM 214 Extra"]
[Source "ChessBase"]
[SourceDate "2023.07.31"]
[SourceVersion "1"]
[SourceVersionDate "2023.07.31"]
[SourceQuality "1"]

1. e4 c5 2. Nf3 e6 3. c4 d5 4. Nc3 dxe4 5. Nxe4 Nc6 6. d3 Nf6 7. Bg5 Be7 8. Bxf6 Bxf6 9. Qd2 b6 10. Be2 Bb7 11. 0-0 0-0 12. Rab1 Nd4 13. Nxd4 Bxd4 14. Bf3 Qd7 15. b4 cxb4 16. Qxb4 Bxe4 17. Bxe4 Rac8 18. Qb5 Rfd8 19. Qxd7 Rxd7 20. g4 g6 21. g5 h6 22. h4 hxg5 23. hxg5 Rc5 24. Rb5 Kg7 25. a4 a5 26. Kh2 Rxb5 27. cxb5 Bc5 28. f4 Rd4 29. Ra1 Bd6 30. Kg3 e5 31. Rc1 exf4+ 32. Kf3 Rxa4 33. Rc6 Bc5 34. Kxf4 Rd4 35. Ke5 Rd7 36. Rc8 Bd4+ 37. Kf4 Bc5 38. Ke5 a4 39. Bd5 Re7+ 40. Kf4 Be3+ 41. Kg4 Re5 42. Bc4 Rxg5+ 43. Kf3 Rc5 44. Ra8 Bd4 45. Ke4 Be5 46. Ra7 Bc7 47. Rxa4 f5+ 48. Kf3 Re5 49. d4 Re7 50. Bd5 g5 51. Rc4 g4+ 52. Kf2 Bf4 53. Rc3 Bd2 54. Rd3 Bb4 55. Rb3 Rd7 56. Bc4 Be7 57. Rd3 Kf6 58. Kg2 Kg5 59. Be6 Rd6 60. d5 Bf6 61. Rd2 f4 62. Rc2 Be5 63. Rc8 f3+ 64. Kf2 Bd4+ 65. Kg3 f2 66. Rg8+ Kh6 67. Kg2 g3 68. Rxg3 Rd8 69. Rd3 Bc5 70. Rc3 Kg5 71. Rc4 Kf6 72. Rh4 Ke5 73. Rh5+ Ke4 74. Rh4+ Ke3 75. Rh3+ Ke2 76. Rh1 Rf8 77. Bg4+ Ke3 78. Rd1 Rg8 79. Kh3 Kf4 80. Be2 Rg3+ 81. Kh2 Re3 82. Bc4 Re1 83. Rd2 f1Q 84. Bxf1 Rxf1 85. Kg2 Rg1+ 86. Kh2 Rg6 87. Rd1 Kf3 88. Rd3+ Be3 89. d6 Rh6# 0-1

[Event "Sivas op 1st"]
[Site "Sivas"]
[Date "2019.08.22"]
[Round "6"]
[White "Sibli, Murat Yigit"]
[Black "Tutmaz, Bugra Hamza"]
[Result "1-0"]
[WhiteElo "1583"]
[BlackElo "1276"]
[PlyCount "65"]
[EventDate "2019.08.19"]
[EventType "swiss"]
[EventRounds "9"]
[EventCountry "TUR"]
[SourceTitle "EXT 2020"]
[Source "ChessBase"]
[SourceDate "2019.10.17"]
[SourceVersion "1"]
[SourceVersionDate "2019.10.17"]
[SourceQuality "1"]

1. e4 c6 2. d4 d5 3. exd5 cxd5 4. Bd3 Nc6 5. c3 e6 6. Ne2 Bd6 7. 0-0 Nge7 8. Nd2 0-0 9. Nf3 Bd7 10. Bf4 Qc7 11. g3 h6 12. Bc2 Rac8 13. Qd3 Nf5 14. Bxd6 Qxd6 15. g4 Rfe8 16. gxf5 exf5 17. Rae1 b5 18. Ng3 Rxe1 19. Rxe1 g6 20. Qd2 f4 21. Ne2 g5 22. Ne5 Nxe5 23. dxe5 Qe6 24. Nd4 Qg4+ 25. Kh1 Rc4 26. Qd3 Qh5 27. Qh7+ Kf8 28. Qh8+ Ke7 29. Qf6+ Kf8 30. e6 Rc6 31. e7+ Kg8 32. e8Q+ Bxe8 33. Rxe8# 1-0